000 00425nam a22001697a 4500
003 OSt
005 20250526135633.0
008 250526b |||||||| |||| 00| 0 eng d
040 _cAccra
050 _aKRX3794
_b.3196A52
100 _aRepublic of Ghana
245 _aCriminal Procedure Code /
_bRepublic of Ghana
260 _aAccra;
_bAssembly Press:
_cc1960
300 _a169 pages
490 _3ACT 30
942 _2lcc
_cBK
_n0
999 _c5952
_d5952